000 00605nam a2200241Ia 4500
001 24743
005 20240114000818.0
007 ta
008 060417s1950 g b000 u 465 u
040 _aCotton College,Assam
041 _a465
082 _a823
_bM 447 C
100 _aMaurois, Andre .
245 0 _aCall No Man Happy /
_cAndre Maurois.
_hTextual Documents
250 _a1st ed. /
260 _aLondon :
_bJonathan Cape ,
_c1950.
300 _a304p. ;
_c17cm.
653 _aEnglish Novel
653 _aG-English
942 _2ddc
_cBK
999 _c24725
_d24725